000 01591cam a22004097a 4500
003 CHAP
005 20220329142805.0
008 031008s2003 mx ad r 00010 spa d
010 _a87796
011 _a88768
035 _a99313
040 _cCHAP
090 _aTesis
100 0 0 _aTorres Bencomo, María Elena.
_9114053
245 1 0 _aPostcosecha de alcatraz amarillo (Zantedeschia elliottiana Engls):
_bsecado y efecto de la intensidad luminosa
_c/por María Elena Torres Bencomo
260 _aChapingo, Méx. :
_bEl autor,
_c2003
300 _a68 h. :
_bilus. ; gráfs. ; cuadros ; esquema
502 _aTesis (Ing. Agr. Esp. en Fitotecnia) -- UACH. Departamento de Fitotecnia
530 _aTambién disponible en línea
590 _aALEPH
_b10
_c20130110
_lUCH01
_h1455
590 _aBATCH-UPD
_b10
_c20130110
_lUCH01
_h0546
590 _aBATCH-UPD
_b10
_c20130410
_lUCH01
_h0227
590 _aBATCH-UPD
_b10
_c20130913
_lUCH01
_h2351
590 _aBATCH-UPD
_b10
_c20140324
_lUCH01
_h1441
590 _aBATCH-UPD
_b10
_c20141002
_lUCH01
_h0819
590 _aCONVERSION
_b10
_c20130109
_lUCH01
_h1349
650 1 4 _aAlcatraz
_xTecnología postcosecha.
_93590
650 1 4 _aFlores
_xDeshidratación.
_941371
650 1 4 _aLuz
_xEfecto en alcatraz.
_969226
650 1 4 _aZantedeschia.
_9123624
856 _3Finding aid
_uhttp://10.13.5.2/tesis/99313.pdf
_zTeclea aqui
901 _aBK
905 _aMarco A. Mendoza T.
942 _cFOLL
949 _aTesis
_bBC
_cTES
_d33724000892907
_eTS2
_fc.2
_gDonaciØn
_h41386
_i99313
_si
949 _aTesis
_bBC
_cTES
_d993131
_eTS1
_gDonaciØn
_h41385
_i99313
_sb
999 _c87796
_d87796